| 000 | 00671nam a22002537a 4500 | ||
|---|---|---|---|
| 003 | OSt | ||
| 005 | 20140310181705.0 | ||
| 008 | 121121t xxu||||| |||| 00| 0 eng d | ||
| 020 | _a0064404242 | ||
| 050 |
_aPZ 7 _b.Sp757 1992 |
||
| 082 |
_aKF _bSp4m 1992 |
||
| 100 |
_aSpinelli, Jerry _95159 |
||
| 245 |
_aManiac Magee / _cJerry Spinelli. |
||
| 260 |
_aNew York: _bHarper Collins, _cc1992. |
||
| 300 |
_g19 cm. _a184 p. : |
||
| 541 | _j1 | ||
| 541 | _j2 | ||
| 562 | _e2 | ||
| 650 |
_aOrphans _xFiction. _95160 |
||
| 650 |
_aSports _xFiction. _95161 |
||
| 650 |
_aHeroes _xFiction. _95162 |
||
| 650 |
_aRunning _xFiction. _95163 |
||
| 942 |
_2lcc _cBK-KF _kKF |
||
| 999 |
_c1299 _d1299 |
||